000 00980nam a22001577a 4500
005 20231220132331.0
008 231220b |||||||| |||| 00| 0 eng d
027 _aවාර් තා අංක 38
082 _a338.6
_bKAN
245 _aකාන්තා ව්‍යවසායකයන් :
_b(කාන්තා කණ්ඩායම් තුළ ව්‍යවසායකයන්ගේ දක්ෂතා වර් ධනය කීරීමේ වැඩමුළු) (3 කොටස)
246 _aKantha wyawasayakayan : (Kantha kandayam thula wyawasayakayange dakshatha wardhanaya kirime wadamulu) (3 kotasa)
260 _aකොළඹ :
_bසෙන්වෝර් කාන්තා පර් යේෂණ කේන්ද්‍රය,
_c1992
500 _a1992 ඔක්තෝබර් මස 11 සහ 12 පැවත්වූ වැඩමුළුවේ වාර් තාව
650 _aකාන්තා ව්‍යවසායකත්වය
942 _cBK
999 _c4542
_d4542